When Hitler stole pink rabbit / (Record no. 16139)
[ view plain ]
| 000 -LEADER | |
|---|---|
| fixed length control field | 00564cam a2200181Ia 4500 |
| 020 ## - INTERNATIONAL STANDARD BOOK NUMBER | |
| ISBN | 0590381970 (pbk.) |
| 020 ## - INTERNATIONAL STANDARD BOOK NUMBER | |
| ISBN | 9780590381970 (pbk.) |
| 040 ## - CATALOGING SOURCE | |
| Transcribing agency | CQF |
| 082 ## - DEWEY DECIMAL CLASSIFICATION NUMBER | |
| Classification number | 823 SCH 1998 A097 Or. |
| 100 1# - MAIN ENTRY--AUTHOR NAME | |
| Personal name | Kerr, Judith |
| 245 10 - TITLE STATEMENT | |
| Title | When Hitler stole pink rabbit / |
| 260 ## - PUBLICATION, DISTRIBUTION, ETC. (IMPRINT) | |
| Place of publication | New York : |
| Name of publisher | Scholastic, |
| Year of publication | 1998, c1971 |
| 300 ## - PHYSICAL DESCRIPTION | |
| Number of Pages | 191 p. : |
| Other physical details | ill. ; |
| Dimensions | 20 cm |
| 520 ## - SUMMARY, ETC. | |
| Summary, etc | Recounts the adventures of a nine-year-old Jewish girl and her family in the early 1930's as they travel from Germany to England |
| 650 #0 - SUBJECT ADDED ENTRY--TOPICAL TERM | |
| Topical Term | Jews |
| 650 #0 - SUBJECT ADDED ENTRY--TOPICAL TERM | |
| Topical Term | Families |
| 942 ## - ADDED ENTRY ELEMENTS (KOHA) | |
| Koha item type | សៀវភៅភាសាអង់គ្លេស |
| 952 ## - LOCATION AND ITEM INFORMATION (KOHA) | |
| Withdrawn status [LOCAL, KOHA] | 0 |
| Permanent Location | Date acquired | Koha item type | Lost status | Shelving location | Barcode | Current Location | Full call number |
|---|---|---|---|---|---|---|---|
| Library Block A | 2018-01-16 | សៀវភៅភាសាអង់គ្លេស | A097 | A18539 | Library Block A | 823 SCH 1998 A097 Or. |